[Event "Buenos Aires Masters op"]
[Site "Buenos Aires"]
[Date "2024.06.17"]
[Round "2"]
[White "Garcia, Cristian Javier"]
[Black "Gonzalez, Fabian"]
[Result "1/2-1/2"]
[WhiteElo "1813"]
[BlackElo "1950"]
[PlyCount "83"]
[EventDate "2024.06.17"]
[EventType "swiss"]
[EventRounds "9"]
[EventCountry "ARG"]
[SourceTitle "CBM 220 Extra"]
[Source "ChessBase"]
[SourceDate "2024.07.31"]
[SourceVersion "1"]
[SourceVersionDate "2024.07.31"]
[SourceQuality "1"]

1. Nf3 Nf6 2. e3 d6 3. d4 g6 4. Be2 Bg7 5. b3 0-0 6. Bb2 Nbd7 7. Nbd2 c6 8. 0-0 Re8 9. a4 Qc7 10. Re1 e5 11. Nc4 e4 12. Nfd2 d5 13. Na3 Nf8 14. c4 a6 15. Rc1 Qd8 16. b4 h5 17. Qb3 Ng4 18. cxd5 cxd5 19. b5 Qd6 20. Nf1 Bh6 21. Rc5 Be6 22. Rec1 Nd7 23. Rc7 Reb8 24. Nb1 Qe7 25. Ba3 Qg5 26. Bxg4 Bxg4 27. h4 Qxh4 28. Qxd5 Be6 29. Qd6 axb5 30. Rxd7 Bf8 31. Qc7 Bxa3 32. Nxa3 Rc8 33. Qxb7 Rxc1 34. Qxa8+ Kg7 35. Rd8 Rxf1+ 36. Kxf1 Qh1+ 37. Ke2 Bg4+ 38. Kd2 Qd1+ 39. Kc3 Qe1+ 40. Kb2 Qb4+ 41. Ka2 Qd2+ 42. Ka1 1/2-1/2

[Event "Buenos Aires Masters op"]
[Site "Buenos Aires"]
[Date "2023.06.19"]
[Round "8"]
[White "Gonzalez, Fabian"]
[Black "Rueda Luthi, Gustavo"]
[Result "1-0"]
[WhiteElo "1919"]
[BlackElo "1612"]
[PlyCount "56"]
[EventDate "2023.06.14"]
[EventType "swiss"]
[EventRounds "9"]
[EventCountry "ARG"]
[SourceTitle "CBM 215 Extra"]
[Source "ChessBase"]
[SourceDate "2023.09.30"]
[SourceVersion "1"]
[SourceVersionDate "2023.09.30"]
[SourceQuality "1"]

1. d4 d5 2. c4 e6 3. Nc3 Nf6 4. Bg5 Nbd7 5. e3 Be7 6. Nf3 a6 7. cxd5 exd5 8. Bd3 c6 9. 0-0 0-0 10. Rb1 Re8 11. b4 Ne4 12. Bxe7 Qxe7 13. Qc2 Ndf6 14. Ne5 Nd6 15. a4 Nfe4 16. b5 Nxc3 17. Qxc3 cxb5 18. axb5 a5 19. Rfc1 Qg5 20. f4 Qh6 21. Qc7 Qe6 22. Qc2 f6 23. Bxh7+ Kf8 24. Ng6+ Kf7 25. Kh1 Nc4 26. Nh4 Rh8 27. Qg6+ Kf8 28. Qg5 g6 1-0

[Event "ARG-ch U2000"]
[Site "Tacuari"]
[Date "2018.11.18"]
[Round "5"]
[White "Gonzalez, Fabian"]
[Black "Carlino, Esteban Ezequiel"]
[Result "1-0"]
[WhiteElo "1984"]
[BlackElo "1910"]
[PlyCount "101"]
[EventDate "2018.11.16"]
[EventType "swiss"]
[EventRounds "8"]
[EventCountry "ARG"]
[SourceTitle "EXT 2020"]
[Source "ChessBase"]
[SourceDate "2019.10.17"]
[SourceVersion "1"]
[SourceVersionDate "2019.10.17"]
[SourceQuality "1"]

1. d4 Nf6 2. c4 g6 3. f3 c5 4. e4 cxd4 5. Qxd4 Nc6 6. Qd1 Bg7 7. Nc3 d6 8. Be3 0-0 9. Bd3 Be6 10. Nge2 Ne5 11. b3 Nxd3+ 12. Qxd3 Nd7 13. 0-0 Ne5 14. Qd2 Bh8 15. Rac1 Re8 16. Rfd1 b6 17. Nd4 Bd7 18. Nd5 Qc8 19. Nb5 Qb7 20. Nbc7 Rac8 21. Nxe8 Bxe8 22. a4 h5 23. a5 e6 24. a6 Qd7 25. Nc3 Rd8 26. Nb5 Qe7 27. Qe2 Bc6 28. Nd4 Ba8 29. Nb5 Bc6 30. h3 f6 31. Rd2 Nf7 32. Rcd1 Bg7 33. Bf4 e5 34. Be3 g5 35. Rd3 h4 36. Qd2 Bf8 37. Nc3 Qe6 38. Nd5 Kg7 39. b4 Qc8 40. Qa2 Ba8 41. Nc3 Kg6 42. Nb5 Qb8 43. Qa4 Bc6 44. Qa2 Be7 45. Na3 Qc7 46. Nc2 Bd7 47. Bf2 Be6 48. Ne3 Bf8 49. Nd5 Qb8 50. Rb1 Rc8 51. c5 1-0

[Event "Buenos Aires La Porta Cup-A"]
[Site "Buenos Aires"]
[Date "2017.03.25"]
[Round "1"]
[White "Gonzalez, Fabian"]
[Black "Bachmann, Axel"]
[Result "0-1"]
[WhiteElo "1947"]
[BlackElo "2646"]
[PlyCount "58"]
[EventDate "2017.03.25"]
[EventType "swiss"]
[EventRounds "9"]
[EventCountry "ARG"]
[SourceTitle "CBM 177 Extra"]
[Source "ChessBase"]
[SourceDate "2017.04.27"]
[SourceVersion "1"]
[SourceVersionDate "2017.04.27"]
[SourceQuality "1"]

1. d4 Nf6 2. c4 e6 3. Nf3 Bb4+ 4. Bd2 a5 5. g3 d6 6. Bg2 Nbd7 7. 0-0 e5 8. Nc3 c6 9. Qc2 0-0 10. Bg5 Bxc3 11. Qxc3 Ne4 12. Bxd8 Nxc3 13. bxc3 Rxd8 14. Bh3 Re8 15. e3 g6 16. Rab1 f5 17. Rfd1 Nf6 18. Nd2 Re7 19. c5 dxc5 20. dxe5 Nd5 21. Nf3 Nxc3 22. Rd8+ Kg7 23. Rb2 b5 24. Rd6 b4 25. Bf1 Be6 26. Ng5 Bxa2 27. Rbd2 Bd5 28. e6 h6 29. Rd7 Rxd7 0-1

[Event "Buenos Aires La Porta Cup"]
[Site "Buenos Aires"]
[Date "2014.12.19"]
[Round "7"]
[White "Gonzalez, Fabian"]
[Black "Ruperez, Miguel Angel"]
[Result "0-1"]
[WhiteElo "1971"]
[BlackElo "2224"]
[PlyCount "39"]
[EventDate "2014.12.13"]
[EventType "swiss"]
[EventRounds "9"]
[EventCountry "ARG"]
[SourceTitle "EXT 2016"]
[Source "ChessBase"]
[SourceDate "2015.10.08"]
[SourceVersion "1"]
[SourceVersionDate "2015.10.08"]
[SourceQuality "1"]

1. d4 d5 2. Nf3 a6 3. c4 dxc4 4. e3 Nf6 5. Bxc4 b5 6. Bd3 Bb7 7. Nbd2 c5 8. Qe2 e6 9. b3 cxd4 10. exd4 Nc6 11. Bb2 Nb4 12. Bb1 Be7 13. 0-0 Nbd5 14. Ne4 Nf4 15. Nxf6+ gxf6 16. Qe3 Nxg2 17. Kxg2 Rg8+ 18. Kh3 Qd5 19. Be4 Qh5+ 20. Nh4 0-1